01015cam a2200241 a 450000100100000000500170001000800410002702000150006804000230008308200190010610000290012524500660015426000720022030000410029250000900033350400730042350400330049665000330052965000400056291000340060295201220063699900150075800000654320251202111710.0021223s2003 pr ab b 001 0 spa  a0865815771 aDO-SdBNPcDLCdDLC a972.956bD259a1 aDávila, Ovidio.91817310aArqueología de la isla de mona /cOvidio Dávila Dàvila. aSan Juan, Puert Rico :bInstituto de Cultura Puertorriquena,c2003. axiii, 482 p. :bil., mapas ;c26 cm. aOriginalmente presentado como tesis del autor (doctoral) - Universidad de Valladolid. aIncluye referencias bibliográficas y notas al pie de las páginas aBibliografías: p. 229-241. 0aIndios de las Antillas91049 0aExcavaciones arqueológicas918174 aCatalogación por copia / LC 001052708MOaGRbGRcCTd2009-08-31iLF1l0o972.956 D259ap6543-10r2020-06-25w2020-06-25y2ZPréstamo interno c6334d6334